[Event "Belgrade-chT Quality"]
[Site "Belgrade"]
[Date "2021.11.20"]
[Round "11.2"]
[White "Markovic, Vladimir"]
[Black "Certic, Branimir"]
[Result "1/2-1/2"]
[WhiteElo "2166"]
[BlackElo "2342"]
[PlyCount "84"]
[EventDate "2021.10.16"]
[EventType "team-tourn"]
[EventRounds "11"]
[EventCountry "SRB"]
[SourceTitle "EXT 2023"]
[Source "ChessBase"]
[SourceDate "2022.10.05"]
[SourceVersion "1"]
[SourceVersionDate "2022.10.05"]
[SourceQuality "1"]
[WhiteTeam "Belgrade Borca"]
[BlackTeam "Belgrade Vodovod"]
[WhiteTeamCountry "SRB"]
[BlackTeamCountry "SRB"]

1. e4 e6 2. d4 d5 3. e5 c5 4. c3 Ne7 5. Nf3 Nec6 6. a3 a5 7. Bd3 h6 8. 0-0 b6 9. Re1 Ba6 10. Bc2 Nd7 11. Be3 c4 12. Nbd2 b5 13. Nf1 b4 14. axb4 axb4 15. Ng3 Bb5 16. Qe2 Nb6 17. Bd2 Ba4 18. Bb1 Bb3 19. Rxa8 Qxa8 20. cxb4 Qa4 21. b5 Qxb5 22. Nh5 Nb4 23. g4 Nd3 24. Rf1 Na4 25. Bc3 Kd8 26. Ne1 Nxc3 27. bxc3 Nxe1 28. Rxe1 g6 29. Nf6 Be7 30. Ba2 Kc7 31. Bxb3 Qxb3 32. Ra1 Rb8 33. Qf3 Qb2 34. Ra7+ Rb7 35. Ne8+ Kd8 36. Rxb7 Qxb7 37. Qxf7 Qb1+ 38. Kg2 Qe4+ 39. Kg3 Qd3+ 40. f3 Qxc3 41. Nf6 Qe1+ 42. Kg2 Qe2+ 1/2-1/2

[Event "Belgrade-chT Quality"]
[Site "Belgrade"]
[Date "2021.11.07"]
[Round "8.1"]
[White "Markovic, Vladimir"]
[Black "Bakic, Dragan"]
[Result "1-0"]
[WhiteElo "2166"]
[BlackElo "2156"]
[PlyCount "59"]
[EventDate "2021.10.16"]
[EventType "team-tourn"]
[EventRounds "11"]
[EventCountry "SRB"]
[SourceTitle "EXT 2023"]
[Source "ChessBase"]
[SourceDate "2022.10.05"]
[SourceVersion "1"]
[SourceVersionDate "2022.10.05"]
[SourceQuality "1"]
[WhiteTeam "Belgrade Borca"]
[BlackTeam "Belgrade Zemun Teleoptic"]
[WhiteTeamCountry "SRB"]
[BlackTeamCountry "SRB"]

1. e4 e5 2. Nf3 Nc6 3. Nc3 Bc5 4. Nxe5 Bxf2+ 5. Kxf2 Nxe5 6. Be2 d6 7. Rf1 Nf6 8. Kg1 h6 9. d4 Ng6 10. Qe1 c6 11. Qf2 Qe7 12. h3 b5 13. a3 a6 14. Bd2 Bb7 15. Rae1 0-0-0 16. b4 Kb8 17. Bd3 Rdf8 18. a4 Rc8 19. e5 dxe5 20. dxe5 Ne8 21. Qxf7 Qxf7 22. Rxf7 Nf8 23. Ne4 Ne6 24. Re7 N8c7 25. Nd6 Rcf8 26. Bf5 Nd4 27. Be4 g5 28. Be3 Nde6 29. axb5 axb5 30. Ra1 1-0

[Event "Belgrade-chT Quality"]
[Site "Belgrade"]
[Date "2021.10.30"]
[Round "6.1"]
[White "Markovic, Vladimir"]
[Black "Jovanovski, Slobodan"]
[Result "1/2-1/2"]
[WhiteElo "2166"]
[BlackElo "2219"]
[PlyCount "78"]
[EventDate "2021.10.16"]
[EventType "team-tourn"]
[EventRounds "11"]
[EventCountry "SRB"]
[SourceTitle "EXT 2023"]
[Source "ChessBase"]
[SourceDate "2022.10.05"]
[SourceVersion "1"]
[SourceVersionDate "2022.10.05"]
[SourceQuality "1"]
[WhiteTeam "Belgrade Borca"]
[BlackTeam "Belgrade Banjica"]
[WhiteTeamCountry "SRB"]
[BlackTeamCountry "SRB"]

1. e4 c5 2. c3 e6 3. d4 d5 4. e5 Qb6 5. Nf3 Bd7 6. Be2 cxd4 7. cxd4 Bb5 8. Nc3 Bb4 9. 0-0 Bxc3 10. Bxb5+ Qxb5 11. bxc3 Ne7 12. a4 Qd7 13. Qd3 h6 14. Ba3 Nbc6 15. a5 0-0 16. Rfb1 Rfc8 17. Bc5 Ng6 18. Bd6 a6 19. g3 Na7 20. h4 Nb5 21. Bc5 Nf8 22. Nd2 Qc6 23. c4 dxc4 24. Nxc4 Nxd4 25. Qxd4 Qxc5 26. Qxc5 Rxc5 27. Nd6 Rxe5 28. Rxb7 Rd5 29. Nc4 Rc5 30. Nb6 Rd8 31. Ra7 Rc2 32. Rxa6 Rdd2 33. Rf1 Ng6 34. Ra8+ Kh7 35. a6 Ne5 36. a7 Ra2 37. Nc8 Nc6 38. Rc1 Rxf2 39. Rxc6 Rg2+ 1/2-1/2

[Event "Belgrade-chT Quality"]
[Site "Belgrade"]
[Date "2020.10.11"]
[Round "3.2"]
[White "Popadic, Dragan B"]
[Black "Markovic, Vladimir"]
[Result "0-1"]
[WhiteElo "2096"]
[BlackElo "2146"]
[PlyCount "86"]
[EventDate "2020.10.09"]
[EventType "team-tourn"]
[EventRounds "9"]
[EventCountry "SRB"]
[SourceTitle "EXT 2022"]
[Source "ChessBase"]
[SourceDate "2021.10.06"]
[SourceVersion "1"]
[SourceVersionDate "2021.10.06"]
[SourceQuality "1"]
[WhiteTeam "Belgrade NBSK"]
[BlackTeam "Belgrade Borca"]
[WhiteTeamCountry "SRB"]
[BlackTeamCountry "SRB"]

1. e4 e6 2. d3 b6 3. Nf3 Bb7 4. g3 d6 5. Bg2 Nf6 6. 0-0 Be7 7. Re1 c5 8. c3 Nbd7 9. Nbd2 Qc7 10. d4 0-0 11. e5 dxe5 12. dxe5 Nd5 13. Qe2 Rac8 14. c4 Nb4 15. Nf1 Rfd8 16. a3 Nc6 17. b3 Nd4 18. Nxd4 cxd4 19. Bxb7 Qxb7 20. Bb2 Nc5 21. Nd2 a5 22. Rab1 b5 23. cxb5 d3 24. Qd1 Qxb5 25. Bc1 Nd7 26. Bb2 Rc2 27. Re4 Nc5 28. Rd4 Rxd4 29. Bxd4 h6 30. Rb2 Qd7 31. Nf3 Rxb2 32. Bxb2 Qd5 33. Nd2 Ne4 34. Nxe4 Qxe4 35. Qd2 Qf3 36. Bc3 Bg5 37. Qe1 Qd5 38. Qd1 Bd8 39. Qd2 Bb6 40. a4 Bd4 41. Bxa5 Qxb3 42. Qb4 Qd5 43. Qb5 Qf3 0-1

[Event "Belgrade-chT Quality"]
[Site "Belgrade"]
[Date "2019.10.12"]
[Round "3.2"]
[White "Markovic, Vladimir"]
[Black "Vrbljanac, Aleksandar"]
[Result "0-1"]
[WhiteElo "2142"]
[BlackElo "2313"]
[PlyCount "46"]
[EventDate "2019.10.05"]
[EventType "team-tourn"]
[EventRounds "11"]
[EventCountry "SRB"]
[SourceTitle "EXT 2022"]
[Source "ChessBase"]
[SourceDate "2021.10.06"]
[SourceVersion "1"]
[SourceVersionDate "2021.10.06"]
[SourceQuality "1"]
[WhiteTeam "Borca"]
[BlackTeam "Bogoslov"]
[WhiteTeamCountry "SRB"]
[BlackTeamCountry "SRB"]

1. e4 c5 2. c3 d5 3. exd5 Qxd5 4. d4 Nc6 5. Nf3 Nf6 6. dxc5 Qxd1+ 7. Kxd1 Bf5 8. Nbd2 e5 9. b4 Nd5 10. Bb2 f6 11. g3 0-0-0 12. a3 g5 13. Ke1 h5 14. Rg1 h4 15. Nc4 hxg3 16. hxg3 Bg6 17. Rd1 Be7 18. Be2 Kc7 19. b5 e4 20. Nd4 Nxd4 21. cxd4 b6 22. Rc1 bxc5 23. dxc5 Bxc5 0-1

[Event "Belgrade-chT Quality"]
[Site "Belgrade"]
[Date "2019.10.06"]
[Round "2.2"]
[White "Vukovic, Dusan M"]
[Black "Markovic, Vladimir"]
[Result "0-1"]
[WhiteElo "2160"]
[BlackElo "2142"]
[PlyCount "49"]
[EventDate "2019.10.05"]
[EventType "team-tourn"]
[EventRounds "11"]
[EventCountry "SRB"]
[SourceTitle "EXT 2022"]
[Source "ChessBase"]
[SourceDate "2021.10.06"]
[SourceVersion "1"]
[SourceVersionDate "2021.10.06"]
[SourceQuality "1"]
[WhiteTeam "Belgrade Tehnicka Skola"]
[BlackTeam "Borca"]
[WhiteTeamCountry "SRB"]
[BlackTeamCountry "SRB"]

1. d4 d5 2. Nf3 Nf6 3. c4 c6 4. Nc3 dxc4 5. a4 Bf5 6. e3 e6 7. Bxc4 Nbd7 8. 0-0 Bb4 9. Qb3 a5 10. h3 0-0 11. Nh4 Bg6 12. Nxg6 hxg6 13. Na2 c5 14. Nxb4 cxb4 15. Rd1 Nb6 16. Be2 Qd7 17. Bf3 Nbd5 18. e4 Ne7 19. Bg5 Rfc8 20. Rd2 b5 21. g4 bxa4 22. Rxa4 Rc1+ 23. Kg2 Qb5 24. Be2 Qb7 25. f3 0-1

[Event "Belgrade-chT Quality"]
[Site "Belgrade"]
[Date "2019.10.05"]
[Round "1.2"]
[White "Markovic, Vladimir"]
[Black "Dakic, Dejan"]
[Result "1-0"]
[WhiteElo "2142"]
[BlackElo "2017"]
[PlyCount "57"]
[EventDate "2019.10.05"]
[EventType "team-tourn"]
[EventRounds "11"]
[EventCountry "SRB"]
[SourceTitle "EXT 2022"]
[Source "ChessBase"]
[SourceDate "2021.10.06"]
[SourceVersion "1"]
[SourceVersionDate "2021.10.06"]
[SourceQuality "1"]
[WhiteTeam "Borca"]
[BlackTeam "Cukaricki"]
[WhiteTeamCountry "SRB"]
[BlackTeamCountry "SRB"]

1. e4 c5 2. c3 Qa5 3. Na3 e6 4. Qe2 Nc6 5. g3 d6 6. Bg2 Nf6 7. Nf3 Be7 8. 0-0 0-0 9. Re1 a6 10. d3 Bd7 11. Bf4 Rac8 12. h4 b5 13. Nh2 e5 14. Bg5 h6 15. Bd2 Nh7 16. Nc2 Rfe8 17. Ne3 Bf8 18. Nhg4 Ne7 19. Qf3 h5 20. Nh2 Nf6 21. g4 hxg4 22. Nhxg4 Nxg4 23. Nxg4 f5 24. exf5 Nxf5 25. Bg5 Be7 26. Qd5+ Kh8 27. Qf7 Qd8 28. Qh5+ Kg8 29. Bd5+ 1-0

[Event "Belgrade-chTB Quality"]
[Site "Belgrade"]
[Date "2018.10.07"]
[Round "4.3"]
[White "Strugar, Janko"]
[Black "Markovic, Vladimir"]
[Result "1/2-1/2"]
[WhiteElo "2179"]
[BlackElo "2171"]
[PlyCount "27"]
[EventDate "2018.09.29"]
[EventType "team-tourn"]
[EventRounds "11"]
[EventCountry "SRB"]
[SourceTitle "CBM 187 Extra"]
[Source "ChessBase"]
[SourceDate "2018.11.04"]
[SourceVersion "1"]
[SourceVersionDate "2018.11.04"]
[SourceQuality "1"]
[WhiteTeam "Belgrade Visan"]
[BlackTeam "Belgrade Borca"]
[WhiteTeamCountry "SRB"]
[BlackTeamCountry "SRB"]

1. e4 e5 2. Nc3 Nc6 3. Nf3 Nf6 4. Bb5 d6 5. d4 exd4 6. Nxd4 Bd7 7. Bxc6 bxc6 8. 0-0 Be7 9. b3 0-0 10. Bb2 d5 11. e5 Ne8 12. f4 c5 13. Nf3 c6 14. Na4 1/2-1/2

[Event "Belgrade-chT Quality"]
[Site "Belgrade"]
[Date "2015.11.02"]
[Round "8"]
[White "Markovic, Vladimir"]
[Black "Jakovljevic, Zivota"]
[Result "1/2-1/2"]
[WhiteElo "2195"]
[BlackElo "2061"]
[PlyCount "73"]
[EventDate "2015.10.03"]
[EventType "team-tourn"]
[EventRounds "11"]
[EventCountry "SRB"]
[SourceTitle "EXT 2018"]
[Source "ChessBase"]
[SourceDate "2017.10.13"]
[SourceVersion "1"]
[SourceVersionDate "2017.10.13"]
[SourceQuality "1"]

1. e4 e6 2. d4 d5 3. e5 c5 4. c3 Nc6 5. Nf3 a6 6. Be2 Bd7 7. 0-0 Qc7 8. a4 cxd4 9. cxd4 Nge7 10. Nc3 Qb6 11. g4 Na5 12. Bd3 Nb3 13. Be3 Nxa1 14. Qxa1 Nc6 15. Qc1 h6 16. Bb1 0-0-0 17. Ne2 Kb8 18. Nf4 Be7 19. Nxd5 g6 20. Nf6 Bxf6 21. exf6 h5 22. g5 Rc8 23. Bf4+ Ka8 24. Qe3 e5 25. Bxe5 Nxe5 26. Nxe5 Be6 27. Qd2 Qc7 28. h4 Rhf8 29. Re1 Bf5 30. Bxf5 gxf5 31. Kg2 Ka7 32. Re2 Rce8 33. Qb4 Qc8 34. a5 Ka8 35. Qd6 Rd8 36. Qe7 f4 37. f3 1/2-1/2

[Event "Belgrade-chT"]
[Site "Belgrade"]
[Date "2014.11.05"]
[Round "13"]
[White "Markovic, Vladimir"]
[Black "Ilijc, Milan"]
[Result "0-1"]
[WhiteElo "2213"]
[BlackElo "2198"]
[PlyCount "80"]
[EventDate "2014.10.04"]
[EventType "team-tourn"]
[EventRounds "13"]
[EventCountry "SRB"]
[SourceTitle "EXT 2015"]
[Source "ChessBase"]
[SourceDate "2014.11.20"]
[SourceVersion "1"]
[SourceVersionDate "2014.11.20"]
[SourceQuality "1"]

1. e4 d6 2. d4 Nf6 3. Bd3 g6 4. Nf3 Bg7 5. 0-0 0-0 6. c3 Nbd7 7. Re1 e5 8. Bf1 h6 9. h3 Nh5 10. Be3 Qe8 11. Nbd2 f5 12. exf5 gxf5 13. dxe5 dxe5 14. Nb3 e4 15. Bc4+ Kh7 16. Nh4 Be5 17. g4 fxg4 18. hxg4 Ng7 19. Qc2 Nf6 20. Bc5 Bd6 21. Bd4 Kh8 22. Bxf6 Rxf6 23. Rxe4 Qd8 24. Rae1 Bd7 25. Nd4 c5 26. Ndf5 Bc6 27. Nxg7 Bxe4 28. Qxe4 Kxg7 29. f4 Bxf4 30. Qxb7+ Bc7 31. Qe4 Rb8 32. Nf5+ Kh8 33. g5 Rg6 34. Ne7 Rxg5+ 35. Kh1 Qd6 36. Qh4 Rxb2 37. Ng6+ Rxg6 38. Re8+ Kh7 39. Re7+ Rg7 40. Qe4+ Qg6 0-1

[Event "Belgrade-chT"]
[Site "Belgrade"]
[Date "2014.11.01"]
[Round "9"]
[White "Markovic, Vladimir"]
[Black "Kiproski, Branislav"]
[Result "0-1"]
[WhiteElo "2213"]
[BlackElo "2185"]
[PlyCount "80"]
[EventDate "2014.10.04"]
[EventType "team-tourn"]
[EventRounds "13"]
[EventCountry "SRB"]
[SourceTitle "EXT 2015"]
[Source "ChessBase"]
[SourceDate "2014.11.20"]
[SourceVersion "1"]
[SourceVersionDate "2014.11.20"]
[SourceQuality "1"]

1. e4 d6 2. d4 Nf6 3. f3 e5 4. d5 Be7 5. c4 Nh5 6. Nc3 a5 7. g3 Nd7 8. Bd3 Nc5 9. Be3 0-0 10. Bxc5 dxc5 11. f4 g6 12. fxe5 Re8 13. Be2 Ng7 14. Qd3 Bf8 15. 0-0-0 Rxe5 16. g4 Bxg4 17. Bxg4 Qg5+ 18. Kb1 Qxg4 19. Nf3 Bd6 20. Nxe5 Bxe5 21. h3 Qg5 22. Qf3 Ne8 23. h4 Qe7 24. d6 Nxd6 25. Nd5 Qd8 26. h5 c6 27. hxg6 hxg6 28. Ne3 Qe7 29. Qh3 Bg7 30. Ka1 Qe5 31. Rh2 Nxe4 32. Ng4 Qg5 33. Qh7+ Kf8 34. Nh6 Nf6 35. Nxf7 Kxf7 36. Rf2 Rh8 37. Rd7+ Ke6 38. Re2+ Kf5 39. Rf2+ Ke5 40. Re7+ Kd6 0-1

[Event "Belgrade City-chT"]
[Site "Belgrade"]
[Date "2013.11.02"]
[Round "3"]
[White "Markovic, Vladimir"]
[Black "Vrbljanac, Aleksandar"]
[Result "0-1"]
[WhiteElo "2227"]
[BlackElo "2222"]
[PlyCount "57"]
[EventDate "2013.10.26"]
[EventType "team-tourn"]
[EventRounds "11"]
[EventCountry "SRB"]
[SourceTitle "EXT 2015"]
[Source "ChessBase"]
[SourceDate "2014.11.20"]
[SourceVersion "1"]
[SourceVersionDate "2014.11.20"]
[SourceQuality "1"]

1. e4 e5 2. Nf3 Nc6 3. Nc3 Nf6 4. d4 exd4 5. Nxd4 Bc5 6. Nxc6 bxc6 7. Bd3 d5 8. exd5 cxd5 9. 0-0 0-0 10. Bg5 c6 11. Qf3 Be7 12. Rfe1 Be6 13. h3 Rb8 14. b3 Bb4 15. Bd2 Re8 16. a3 Bf8 17. Bg5 h6 18. Bh4 Rb7 19. b4 Be7 20. Re2 a5 21. b5 cxb5 22. Nxb5 Ne4 23. Rxe4 dxe4 24. Qxe4 Bxh4 25. Qxb7 Bd5 26. Qa7 Qg5 27. Bf1 Re2 28. Qb8+ Kh7 29. g3 0-1

[Event "Belgrade tt Cup"]
[Site "Belgrade"]
[Date "2012.04.18"]
[Round "1.6"]
[White "Petrovic, Radenko"]
[Black "Markovic, Vladimir"]
[Result "0-1"]
[WhiteElo "2039"]
[BlackElo "2243"]
[PlyCount "54"]
[EventDate "2012.04.18"]
[EventType "team-swiss"]
[EventRounds "5"]
[EventCountry "SRB"]
[SourceTitle "CBM 148 Extra"]
[Source "ChessBase"]
[SourceDate "2012.06.22"]
[SourceVersion "1"]
[SourceVersionDate "2012.06.22"]
[SourceQuality "1"]
[WhiteTeam "Borca"]
[BlackTeam "Borca II"]
[WhiteTeamCountry "SRB"]
[BlackTeamCountry "SRB"]

1. e4 e6 2. d3 b6 3. g3 Bb7 4. Bg2 Nf6 5. f4 c5 6. Nf3 d6 7. 0-0 Be7 8. e5 Nfd7 9. Nc3 0-0 10. Qe2 Nc6 11. Re1 Rc8 12. Nb5 dxe5 13. fxe5 a6 14. Nc3 Qc7 15. Bf4 Nd4 16. Nxd4 cxd4 17. Bxb7 Qxb7 18. Ne4 Qd5 19. Nf2 Rc5 20. Qd2 Rfc8 21. Rac1 Qxa2 22. Ne4 R5c6 23. c4 dxc3 24. Nxc3 Qb3 25. d4 Bb4 26. Re3 b5 27. Qe1 Nb6 0-1

[Event "Belgrade-chT Quality"]
[Site "Belgrade"]
[Date "2011.10.23"]
[Round "4"]
[White "Markovic, Vladimir"]
[Black "Petrovic, Zarko"]
[Result "1-0"]
[WhiteElo "2235"]
[BlackElo "2128"]
[PlyCount "45"]
[EventDate "2011.10.15"]
[EventType "team-swiss"]
[EventRounds "11"]
[EventCountry "SRB"]
[SourceTitle "EXT 2012"]
[Source "ChessBase"]
[SourceDate "2011.11.24"]
[SourceVersion "1"]
[SourceVersionDate "2011.11.24"]
[SourceQuality "1"]

1. e4 e6 2. d4 d5 3. e5 c5 4. c3 Ne7 5. Nf3 Nec6 6. Bd3 b6 7. 0-0 Ba6 8. Be3 Bxd3 9. Qxd3 c4 10. Qe2 Nd7 11. Nbd2 Be7 12. Rfe1 0-0 13. Nf1 b5 14. Ng3 b4 15. Nh5 bxc3 16. bxc3 Qa5 17. Qd2 Rfb8 18. Rec1 Qa3 19. Bh6 gxh6 20. Qxh6 Bf8 21. Qg5+ Kh8 22. Nf6 Qe7 23. Qg8# 1-0

[Event "Belgrade tt Cup"]
[Site "Belgrade"]
[Date "2011.04.13"]
[Round "1"]
[White "Markovic, Vladimir"]
[Black "Popovic, Aleksandar M"]
[Result "0-1"]
[WhiteElo "2235"]
[BlackElo "2313"]
[PlyCount "64"]
[EventDate "2011.04.13"]
[EventType "team-tourn"]
[EventRounds "5"]
[EventCountry "SRB"]
[SourceTitle "CBM 141 Extra"]
[Source "ChessBase"]
[SourceDate "2011.05.03"]
[SourceVersion "1"]
[SourceVersionDate "2011.05.03"]
[SourceQuality "1"]

1. e4 e5 2. Nf3 d6 3. d4 exd4 4. Nxd4 Nf6 5. Nc3 Be7 6. Bb5+ c6 7. Bd3 0-0 8. 0-0 Re8 9. h3 Bf8 10. Bg5 h6 11. Bh4 g6 12. Kh1 Bg7 13. f4 Nbd7 14. Be2 a5 15. a4 Qb6 16. Nb3 Nxe4 17. Nxe4 Rxe4 18. Bf3 Rxf4 19. Bg3 Rf6 20. Bxd6 c5 21. Bg3 Ra6 22. Be2 Ra8 23. Bc4 Nf8 24. Rxf6 Qxf6 25. Nxc5 Bf5 26. Nxb7 Qxb2 27. Rb1 Qc3 28. Nd6 Qxg3 29. Bxf7+ Kh7 30. Nxf5 gxf5 31. Qd5 Be5 32. Kg1 Ra7 0-1

[Event "SRB-chT Cup"]
[Site "Kragujevac"]
[Date "2010.05.23"]
[Round "6"]
[White "Markovic, Vladimir"]
[Black "Petkovic, Radosav"]
[Result "1-0"]
[WhiteElo "2251"]
[BlackElo "2274"]
[PlyCount "45"]
[EventDate "2010.05.18"]
[EventType "team-tourn"]
[EventRounds "7"]
[EventCountry "YUG"]
[SourceTitle "CBM 136 Extra"]
[Source "ChessBase"]
[SourceDate "2010.07.02"]
[SourceVersion "2"]
[SourceVersionDate "2010.07.15"]
[SourceQuality "1"]

1. e4 e5 2. Nf3 Nc6 3. Nc3 d6 4. d4 Bd7 5. Be2 Nf6 6. 0-0 Be7 7. h3 0-0 8. Re1 Re8 9. Bf1 h6 10. b3 Bf8 11. Bb2 exd4 12. Nxd4 g6 13. f3 Bg7 14. Nxc6 bxc6 15. Ne2 d5 16. e5 Nh7 17. f4 f6 18. c4 dxc4 19. Nd4 fxe5 20. Bxc4+ Kh8 21. fxe5 Nf8 22. Qf3 c5 23. Qf7 1-0

[Event "Belgrade tt Cup"]
[Site "Belgrade"]
[Date "2010.04.16"]
[Round "3.5"]
[White "Radivojevic, Milan R"]
[Black "Markovic, Vladimir"]
[Result "1/2-1/2"]
[WhiteElo "2293"]
[BlackElo "2249"]
[PlyCount "34"]
[EventDate "2010.04.14"]
[EventType "team-tourn"]
[EventRounds "5"]
[EventCountry "SRB"]
[SourceTitle "EXT 2012"]
[Source "ChessBase"]
[SourceDate "2011.11.24"]
[SourceVersion "1"]
[SourceVersionDate "2011.11.24"]
[SourceQuality "1"]

1. e4 e6 2. d3 b6 3. Nf3 Bb7 4. g3 c5 5. Bg2 d6 6. 0-0 Nc6 7. Nbd2 Nf6 8. Re1 Be7 9. c3 0-0 10. Qe2 Rc8 11. a4 Qc7 12. Nc4 Nd7 13. Bd2 Rfe8 14. b4 Nce5 15. Nfxe5 Nxe5 16. b5 a5 17. f4 Nd7 1/2-1/2

[Event "Belgrade-chT Quality"]
[Site "Belgrade"]
[Date "2009.11.02"]
[Round "10"]
[White "Cerovic, Danilo"]
[Black "Markovic, Vladimir"]
[Result "0-1"]
[WhiteElo "2201"]
[BlackElo "2228"]
[PlyCount "39"]
[EventDate "2009.10.11"]
[EventType "team-tourn"]
[EventRounds "11"]
[EventCountry "YUG"]
[SourceTitle "CBM 133 Extra"]
[Source "ChessBase"]
[SourceDate "2010.01.05"]
[SourceVersion "1"]
[SourceVersionDate "2010.01.05"]
[SourceQuality "1"]

1. e4 e6 2. d4 d5 3. Nc3 Bb4 4. Nge2 dxe4 5. a3 Be7 6. g4 h5 7. gxh5 Nf6 8. Ng3 e5 9. dxe5 Qxd1+ 10. Nxd1 Ng4 11. Be2 Nc6 12. Nxe4 Nd4 13. Kd2 Be6 14. f4 0-0-0 15. Bd3 Rxh5 16. Kc3 Rh3 17. Ng3 Nxh2 18. Rg1 Nhf3 19. Rg2 Ne1 20. Nf2 0-1

[Event "Belgrade-chT Quality"]
[Site "Belgrade"]
[Date "2009.10.24"]
[Round "4"]
[White "Kokanovic, Radenko"]
[Black "Markovic, Vladimir"]
[Result "1/2-1/2"]
[WhiteElo "2340"]
[BlackElo "2228"]
[PlyCount "55"]
[EventDate "2009.10.11"]
[EventType "team-tourn"]
[EventRounds "11"]
[EventCountry "YUG"]
[SourceTitle "CBM 133 Extra"]
[Source "ChessBase"]
[SourceDate "2010.01.05"]
[SourceVersion "1"]
[SourceVersionDate "2010.01.05"]
[SourceQuality "1"]

1. e4 e6 2. d4 d5 3. e5 c5 4. c3 Qb6 5. Nf3 Nc6 6. Bd3 Bd7 7. dxc5 Bxc5 8. 0-0 a5 9. a4 Nge7 10. Na3 Ng6 11. Qe2 Rc8 12. h4 f6 13. exf6 gxf6 14. Bh6 Kf7 15. Nb5 Nge5 16. Bf4 Nxd3 17. Qxd3 Ne7 18. Be3 e5 19. Nd2 Qe6 20. Rad1 Rcg8 21. Bxc5 Rxg2+ 22. Kxg2 Rg8+ 23. Kh2 Qg4 24. Qg3 Qh5 25. Nf3 Rxg3 26. fxg3 Bg4 27. Kg2 e4 28. Ng5+ 1/2-1/2